[Event "Chioggia op-A 09th"]
[Site "Chioggia"]
[Date "2014.10.11"]
[Round "2"]
[White "Dappiano, Andrea"]
[Black "Fezza, Davide"]
[Result "1-0"]
[WhiteElo "2211"]
[BlackElo "2106"]
[PlyCount "43"]
[EventDate "2014.10.10"]
[EventType "swiss"]
[EventRounds "5"]
[EventCountry "ITA"]
[SourceTitle "EXT 2022"]
[Source "ChessBase"]
[SourceDate "2021.10.06"]
[SourceVersion "1"]
[SourceVersionDate "2021.10.06"]
[SourceQuality "1"]

1. e4 c5 2. Nc3 e6 3. g3 Nc6 4. Bg2 Nf6 5. Nge2 Be7 6. 0-0 0-0 7. f4 d5 8. e5 Ne8 9. d4 cxd4 10. Nxd4 Nxd4 11. Qxd4 Qa5 12. Be3 Bd7 13. f5 Qb4 14. fxe6 fxe6 15. Nxd5 exd5 16. Qxd5+ Kh8 17. Qxd7 Rxf1+ 18. Rxf1 Bc5 19. Bxc5 Qxc5+ 20. Kh1 Nc7 21. Qd6 Qxd6 22. exd6 1-0

[Event "Bisaccia op 3rd"]
[Site "Bisaccia"]
[Date "2011.06.03"]
[Round "2"]
[White "Lazic, Miroljub"]
[Black "Fezza, Davide"]
[Result "1-0"]
[WhiteElo "2471"]
[BlackElo "2141"]
[PlyCount "65"]
[EventDate "2011.06.08"]
[EventType "swiss"]
[EventRounds "7"]
[EventCountry "ITA"]
[SourceTitle "EXT 2014"]
[Source "ChessBase"]
[SourceDate "2013.11.20"]
[SourceVersion "1"]
[SourceVersionDate "2013.11.20"]
[SourceQuality "1"]

1. g3 Nf6 2. Bg2 d6 3. d4 g6 4. e4 Bg7 5. Nc3 0-0 6. h3 e5 7. Nge2 Nc6 8. Be3 h6 9. Qd2 Kh7 10. Rd1 b6 11. 0-0 Ba6 12. Rfe1 Na5 13. b3 c6 14. f4 Qc7 15. g4 Rad8 16. Ng3 c5 17. dxe5 dxe5 18. Nd5 Nxd5 19. exd5 Nb7 20. f5 Nd6 21. c4 Rfe8 22. Rf1 b5 23. Ne4 Nxe4 24. Bxe4 bxc4 25. Qe2 Qd6 26. bxc4 Rb8 27. g5 Rb4 28. Rc1 Reb8 29. gxh6 Bf8 30. fxg6+ fxg6 31. Bg5 R4b7 32. Rf6 Qd8 33. Rxg6 1-0

[Event "Giugliano op 4th"]
[Site "Giugliano"]
[Date "2009.09.19"]
[Round "4"]
[White "Fezza, Davide"]
[Black "Antignani, Luigi"]
[Result "1-0"]
[WhiteElo "2086"]
[BlackElo "1985"]
[PlyCount "109"]
[EventDate "2009.09.18"]
[EventType "swiss"]
[EventRounds "6"]
[EventCountry "ITA"]
[SourceTitle "EXT 2012"]
[Source "ChessBase"]
[SourceDate "2011.11.24"]
[SourceVersion "1"]
[SourceVersionDate "2011.11.24"]
[SourceQuality "1"]

1. e4 c6 2. d4 d5 3. exd5 cxd5 4. Bd3 Nf6 5. c3 Nc6 6. Bf4 e6 7. Nf3 Be7 8. 0-0 0-0 9. Nbd2 a5 10. Bg5 b6 11. Qe2 Bb7 12. a4 Nd7 13. h4 Qc8 14. Bxe7 Nxe7 15. Ng5 Nf6 16. Ndf3 Ba6 17. Ne5 Bxd3 18. Qxd3 Ng6 19. g3 Ne7 20. Ng4 Ng6 21. Nxf6+ gxf6 22. Nf3 Kh8 23. Nh2 Rg8 24. Qf3 f5 25. h5 Ne7 26. Qf4 Qf8 27. Nf3 Rg4 28. Qe5+ Kg8 29. Qf6 Nc6 30. Nh2 Rg7 31. Kg2 Qe7 32. Qxe7 Nxe7 33. Nf3 f4 34. Kh3 fxg3 35. fxg3 Nf5 36. g4 Ne3 37. Rg1 Nc4 38. Rg2 Kf8 39. Re1 Ke7 40. Nh4 Nd6 41. Nf5+ Nxf5 42. gxf5 Rxg2 43. Kxg2 Rg8+ 44. Kf3 Rg5 45. fxe6 fxe6 46. Re5 Kf6 47. Kf4 Rg2 48. c4 dxc4 49. Rb5 Rh2 50. Rxb6 Rxh5 51. Rc6 Rd5 52. Rxc4 Rxd4+ 53. Rxd4 e5+ 54. Ke4 exd4 55. b4 1-0

[Event "Campobasso op 16th"]
[Site "Campobasso"]
[Date "2009.07.24"]
[Round "2"]
[White "Fezza, Davide"]
[Black "Lazic, Miroljub"]
[Result "0-1"]
[WhiteElo "2082"]
[BlackElo "2454"]
[PlyCount "108"]
[EventDate "2009.07.24"]
[EventType "swiss"]
[EventRounds "6"]
[EventCountry "ITA"]
[SourceTitle "EXT 2012"]
[Source "ChessBase"]
[SourceDate "2011.11.24"]
[SourceVersion "1"]
[SourceVersionDate "2011.11.24"]
[SourceQuality "1"]

1. e4 e5 2. f4 exf4 3. Nf3 d5 4. exd5 Nf6 5. c4 c6 6. d4 cxd5 7. Bd3 dxc4 8. Bxc4 Bb4+ 9. Nc3 0-0 10. Ne5 Nc6 11. Nxc6 bxc6 12. 0-0 f3 13. gxf3 Bf5 14. Bg5 Qd6 15. Qd2 Nd5 16. a3 Bxc3 17. bxc3 Rfe8 18. Bd3 Qg6 19. Bxf5 Qxf5 20. c4 Nb6 21. Rac1 Re6 22. Bf4 Rae8 23. Rf2 Qh3 24. Qd3 Re1+ 25. Rxe1 Rxe1+ 26. Rf1 Rxf1+ 27. Qxf1 Qe6 28. c5 Nd5 29. Bd2 Qg6+ 30. Kf2 Qh5 31. Qg1 Qh4+ 32. Ke2 Qe7+ 33. Kf2 f6 34. Qg4 Qe8 35. Bh6 g6 36. Bd2 Kf7 37. Qe4 Qc8 38. Bf4 Qa6 39. Bc1 Qc4 40. Bd2 h5 41. Ke1 Qb3 42. Bc1 Qc3+ 43. Kd1 f5 44. Qe5 Qxf3+ 45. Ke1 Qe4+ 46. Qxe4 fxe4 47. h4 Ke6 48. Kf2 Ne7 49. Ke3 Kd5 50. Kf4 Kxd4 51. Kg5 e3 52. Kf6 Nf5 53. Kxg6 Nxh4+ 54. Kxh5 Nf3 0-1

[Event "Milan Crespi op 26th"]
[Site "Milan"]
[Date "2005.12.09"]
[Round "4"]
[White "Fezza, Davide"]
[Black "Bellani, Alessandro"]
[Result "0-1"]
[WhiteElo "2033"]
[BlackElo "2116"]
[PlyCount "150"]
[EventDate "2005.12.07"]
[EventType "swiss"]
[EventRounds "7"]
[EventCountry "ITA"]
[SourceTitle "EXT 2007"]
[Source "ChessBase"]
[SourceDate "2006.11.23"]
[SourceVersion "1"]
[SourceVersionDate "2006.11.23"]
[SourceQuality "1"]

1. e4 c5 2. Nf3 d6 3. d4 cxd4 4. Nxd4 Nf6 5. Nc3 g6 6. Be3 Bg7 7. f3 0-0 8. Bc4 Nc6 9. Qd2 Bd7 10. 0-0-0 d5 11. Nxd5 Ne5 12. Bb3 Nxd5 13. Bxd5 e6 14. Bb3 a5 15. a4 Qe8 16. Bh6 Bxa4 17. Bxg7 Kxg7 18. h4 h5 19. Qg5 Bxb3 20. Qxe5+ f6 21. Qd6 Ra6 22. Qc7+ Rf7 23. Qc5 Ba2 24. g4 e5 25. gxh5 exd4 26. Rhg1 Qe5 27. Rxg6+ Kh7 28. Qxd4 Qxd4 29. Rxd4 Rc6 30. Kd2 Rfc7 31. c3 Bf7 32. Rg1 Bxh5 33. Ke3 Rb6 34. Rg2 Rg7 35. Rxg7+ Kxg7 36. Rd5 Bf7 37. Rxa5 Rxb2 38. Rc5 Be8 39. Kf4 Bc6 40. Kg3 Rb1 41. Kg2 Rd1 42. Kg3 Kf7 43. Kg4 Rg1+ 44. Kf4 Ke6 45. Ke3 Rh1 46. Rh5 Kf7 47. Kf2 Kg6 48. Rc5 Rxh4 49. Kg2 Kf7 50. Kg3 Rh1 51. Kf4 Ke6 52. Ke3 Rh3 53. Rf5 b6 54. Kd4 Rg3 55. Rf4 Be8 56. Rf5 Rg5 57. Rf4 Bh5 58. Kd3 Ke5 59. Ke3 Bf7 60. Rh4 Rg1 61. Rh7 Bc4 62. f4+ Kd6 63. Rh6 Ke7 64. e5 fxe5 65. Rxb6 Re1+ 66. Kf3 e4+ 67. Kf2 Re2+ 68. Kg3 Re3+ 69. Kg4 Rxc3 70. Kf5 e3 71. Ke5 e2 72. Rb7+ Kd8 73. Rb8+ Kc7 74. Rb1 Rf3 75. Rc1 Kd7 0-1

[Event "Napoli Parthenope op 1st"]
[Site "Napoli"]
[Date "2005.05.14"]
[Round "3"]
[White "Fezza, Davide"]
[Black "Basile, Aldo"]
[Result "1-0"]
[WhiteElo "2068"]
[BlackElo "1437"]
[PlyCount "51"]
[EventDate "2005.05.13"]
[EventType "swiss"]
[EventRounds "6"]
[EventCountry "ITA"]
[SourceTitle "EXT 2007"]
[Source "ChessBase"]
[SourceDate "2006.11.23"]
[SourceVersion "1"]
[SourceVersionDate "2006.11.23"]
[SourceQuality "1"]

1. e4 e6 2. d4 d5 3. Nd2 c5 4. exd5 exd5 5. Bb5+ Nc6 6. Ngf3 Qe7+ 7. Qe2 Qxe2+ 8. Kxe2 Bg4 9. dxc5 Bxc5 10. Re1 0-0-0 11. Kf1 Nf6 12. Bxc6 bxc6 13. Ne5 Rhe8 14. Nb3 Bb6 15. Bg5 Bf5 16. Nxc6 Rd7 17. Rxe8+ Nxe8 18. Ne7+ Kb7 19. Nxf5 f6 20. Be3 g6 21. Bxb6 axb6 22. Ne3 Kc6 23. Rd1 Nc7 24. c4 f5 25. cxd5+ Kd6 26. Nc4+ 1-0

[Event "Milan Crespi op 25th"]
[Site "Milan"]
[Date "2004.12.04"]
[Round "1"]
[White "Ranola, Yves"]
[Black "Fezza, Davide"]
[Result "1-0"]
[WhiteElo "2449"]
[BlackElo "2083"]
[PlyCount "55"]
[EventDate "2004.12.04"]
[EventType "swiss"]
[EventRounds "9"]
[EventCountry "ITA"]
[SourceTitle "EXT 2007"]
[Source "ChessBase"]
[SourceDate "2006.11.23"]
[SourceVersion "1"]
[SourceVersionDate "2006.11.23"]
[SourceQuality "1"]

1. c4 Nf6 2. g3 g6 3. Bg2 Bg7 4. Nc3 0-0 5. d3 e5 6. e4 d6 7. Nge2 c6 8. 0-0 a5 9. h3 Ne8 10. Be3 f5 11. Qd2 Be6 12. b3 Nf6 13. Rad1 Na6 14. d4 Nxe4 15. Nxe4 fxe4 16. d5 cxd5 17. cxd5 Bd7 18. Nc3 b6 19. Nxe4 Bb5 20. Ng5 Bh6 21. Ne6 Bxe3 22. Qxe3 Qe7 23. Rfe1 Rfb8 24. f4 exf4 25. Qxf4 Nc7 26. h4 Ra7 27. a4 Ba6 28. Nd4 1-0